Luyện kỹ năng đọc hiểu và dịch thuật tiếng anh chuyên ngành điện tử - bán dẫn viễn thông

Gorde:
Xehetasun bibliografikoak
Egile nagusia: Châu Văn Trung
Formatua: Liburua
Hizkuntza:Vietnamese
Argitaratua: HCM. Giao thông vận tải 2005
Saila:Tủ sách tiếng anh chuyên ngành 2 trong 1
Gaiak:
Etiketak: Etiketa erantsi
Etiketarik gabe, Izan zaitez lehena erregistro honi etiketa jartzen!
Thư viện lưu trữ: Mạng thư viện Đại học Đà Nẵng
LEADER 01339nam a2200349 4500
001 000016714
003 13117
005 20121217151257.0
008 121217s2005 viesd
020 |c 100000đ 
041 0 |a vie 
082 |a 621.38  |b CH-T 
100 0 |a Châu Văn Trung 
245 0 |a Luyện kỹ năng đọc hiểu và dịch thuật tiếng anh chuyên ngành điện tử - bán dẫn viễn thông  |c Châu Văn Trung và ban biên tập Data Bank Infortreams 
246 |a Fundamenntal English for Electronnics - Semiconductor and Telecommunication 
260 |a HCM.  |b Giao thông vận tải  |c 2005 
300 |a 531tr.  |c 28cm. 
490 |a Tủ sách tiếng anh chuyên ngành 2 trong 1 
504 |a Thư mục đầu trang 
650 |a Tiếng anh chuyên ngành 
653 |a Điện tử - Bán dẫn viễn thông 
910 |a Khánh  |d 17/12/2012 
OWN |a LSP 
AVA |a UDN50  |b LSP  |d 621.38 CH-T  |e check_holdings  |t Error 5003 Not defined in file expand_doc_bib_avail.  |h N  |k 1 
999 |a From the UDN01 
AVA |a UDN50  |b LSP  |d 621.38 CH-T  |e available  |t Error 5001 Not defined in file expand_doc_bib_avail.  |f 20  |g 0  |h N  |i 3  |k 1 
TYP |a Monograph 
TYP |a Printed language 
980 |a Mạng thư viện Đại học Đà Nẵng